000 00831nam a22002295i 4500
001 166277
003 ES-MaACL
005 20250828004912.0
008 020906s1899 fr |||| | fre d
040 _aCCPB | B
_bspa
_cCCPB | B
100 1 _aThomas, P. Felix.
_9110041
245 1 0 _aMorale et éducation /
_cpar P.-Félix Thomas.
260 _aParis :
_bancienne Librairie Germer Baillière et C\pie\s, Félix Alcan, éditeur,
_c1899 (
_eCoulommiers :
_fImp. Paul Brodard)
300 _aVI, 171 p. ;
_c18 cm.
490 1 _aBibliothèque de philosophie contemporaine
650 7 _aPedagogía
_2embne
_915904
752 _aFrancia -
_dParís
752 _aFrancia -
_dCoulommiers
830 0 _aBibliothèque de philosophie contemporaine
_9181027
852 _aES-MaACL
_jF-11609
_z-- Enc. pasta
999 _c166277
_d166277